000 002560000a22000970004500
100 1 _aSmith, Mark S. (1955-)
245 1 0 _aJeremiah 9:9 --A divine lament
300 _aVol. 37, Num 1 (Enero, 1987), Páginas 97-99
773 0 _tVetus Testamentum
942 _cANA
999 _c57300
_d57300